000
00313nam a2200109Ia 4500
008
200302s9999 xx 000 0 und d
100
_a
Peter Carolin & Other
245
_a
Architecture Education and Research the Work of Leslie Martin
260
_b
Academy Edition Martins Press
260
_c
1996
300
_a
144 P.,
999
_c
1185
_d
1185